000 00503nam a2200205Ia 4500
003 0100
008 130227s9999 xx 000 0 und d
040 _cARRUPELIB
050 _aLB1025.2.M152 1987
100 _aMacIntyre, Alasdair
245 _aEducation and values
260 _aLondoon
260 _bInstitute of Education
260 _C1987
300 _a65p.
300 _b 22cm.
650 _bLiterature, --Adresses
700 _aQuinton, Anthony ; Williams, Bernard
942 _2lcc
_06
999 _c3621
_d3621